00402nam a2200145Ia 4500008004100000020001800041041000800059082001400067100003000081245006700111250000600178260004400184300000800228650002000236210716s2014 xx 000 0 und d a9789351422082 aeng a658 SRIR aSrinivasan, R;Chunawalla, aManagement: principles and practice.bPrinciples and practice. a1 aMumbaibHimalaya Publishing Housec2014 a481 aManagement(658)